| 000 | 00589nab a2200205 a 4500 | ||
|---|---|---|---|
| 005 | 20210219161625.0 | ||
| 008 | 991125s1985 mx 000 0 spa u | ||
| 035 | _aUPN01000188785 | ||
| 222 | _aREVISTA MEXICANA DE PSICOLOGIA | ||
| 245 | _aAnĂ¡lisis de la conducta sexual en adolescentes peruanos | ||
| 300 | _a184-192 | ||
| 362 | 0 | _a2012 Vol. 29, no. 2, jul.-dic. | |
| 653 | 0 | _aCONDUCTA SEXUAL | |
| 653 | 0 | _aADOLESCENTES PERUANOS | |
| 653 | 0 | _aVIH/SIDA | |
| 653 | 0 | _aENFERMEDADES DE TRANSMISION SEXUAL | |
| 700 | 1 | _aTeva, Inmaculada, | |
| 700 | 1 | _ecoaut. | |
| 905 | _aArticulo | ||
| 999 |
_c160888 _d160888 |
||